| 000 | 00491nam a2200181Ia 4500 | ||
|---|---|---|---|
| 005 | 20250326124505.0 | ||
| 008 | 250326s9999 xx 000 0 und d | ||
| 037 | _aTextbook | ||
| 040 |
_aFMSL _beng _cFMSL |
||
| 041 |
_aeng _2eng |
||
| 084 |
_aX:8 K46 _qFMSL |
||
| 100 |
_aShelly M W _984753 |
||
| 245 | 0 |
_aHuman judgments and optimality _cShelly M W; Bryan G L |
|
| 260 |
_aNY _bNY, John Wiley _c1964 |
||
| 300 | _a436p | ||
| 942 |
_cTB _hX:8 K46 |
||
| 999 |
_c1273923 _d1273923 |
||